Nový systém výuky statistiky na Vysoké škole ekonomické.

Opis novozavedeného kreditného systému štúdia na VŠE Praha. Princíp kreditného štúdia a tri stupne štúdia. Prehľad špecializácií. Aplikovaná a hospodárska štatistika, demografia a sociálna štatistika. Metódy analýzy dát. Špecializované štatistické štúdium.

Salvato in:
Dettagli Bibliografici
Autore principale: Seger, J.
Natura: Capitolo di libro
Lingua:ceco
Soggetti:
Tags: Aggiungi Tag
Nessun Tag, puoi essere il primo ad aggiungerne!!

MARC

LEADER 00000naa a2200000 4500
001 r007432
005 20220913122841.5
041 0 |a cze 
044 |a CZ 
245 1 0 |a Nový systém výuky statistiky na Vysoké škole ekonomické.  |c J. Seger 
520 |a Opis novozavedeného kreditného systému štúdia na VŠE Praha. Princíp kreditného štúdia a tri stupne štúdia. Prehľad špecializácií. Aplikovaná a hospodárska štatistika, demografia a sociálna štatistika. Metódy analýzy dát. Špecializované štatistické štúdium. 
610 2 0 |a Vysoká škola ekonomická v Prahe 
610 2 0 |a vyučovanie 
610 2 0 |a štatistika 
610 2 0 |a metódy štatistické 
610 2 0 |a štúdium vysokoškolské 
100 1 |a Seger, J.